Talleres americanos

Збережено в:
Бібліографічні деталі
Автор: Maurois, André (autor)
Формат: Книга
Мова:Іспанська
Опубліковано: Santiago Cultura 1933
Редагування:1a. ed
Серія:Colección Hombres e Ideas. Filosofía, Política, Biografías
Предмети:
Теги: Додати тег
Немає тегів, Будьте першим, хто поставить тег для цього запису!

MARC

LEADER 00000nam a2200000 a 4500
001 UCH0692
003 CL-VaPUC
008 090320e19330000CL |||||||||||||||||spa|d
082 0 4 |a Ch863  |b MAU  |2 21 
100 |a Maurois, André  |e autor  |9 342508 
245 1 0 |a Talleres americanos 
250 |a 1a. ed 
300 |a 110 p 
942 |c BK 
945 |d 20090320 00:00:00  |a cmena 
260 |a Santiago  |b Cultura  |c 1933 
650 0 |a Crónicas chilenas  |9 321511 
650 0 |a Literatura chilena   |9 308278 
583 |a last modification  |c 20140403 04:50:42  |k Rodrigo Vera 
490 0 |a Colección Hombres e Ideas. Filosofía, Política, Biografías 
999 |c 332946  |d 332944